| 000 | 00677cam a22002413a 4500 | ||
|---|---|---|---|
| 001 | 4736 | ||
| 003 | PGUSA | ||
| 005 | 20140828083106.0 | ||
| 008 | 031201s2003||||xxu|||||s|||||000 | eng d | ||
| 040 |
_aPGUSA _beng |
||
| 042 | _adc | ||
| 050 | 4 | _aPT | |
| 100 | 1 |
_aGuðmundur Kamban, _d1888-1945 |
|
| 245 | 1 | 0 |
_aHadda Pada _h[electronic resource] / _cGuðmundur Kamban |
| 260 |
_bProject Gutenberg, _c2003 |
||
| 506 | _aPublic domain in the USA. | ||
| 516 | _aElectronic text | ||
| 653 | _aIceland -- Drama | ||
| 653 | _aIcelandic drama -- Translations into English | ||
| 830 | 0 |
_aProject Gutenberg _v4736 |
|
| 856 | 4 | 0 | _uhttp://www.gutenberg.org/ebooks/4736 |
| 942 | _cEB | ||
| 999 |
_c234065 _d234065 |
||